00506nam a22001692 4500001001100000005001700011008004100028020002600069040001500095050002200110100003100132245004900163250001200212260005200224300001600276650004400292000000261920151217151900.0070417s xx 000 0 eng d a0130992992 :cKES 600 aKABUcKABU 0aPE1408b.R45 20031 aReid, Stephen.@000015205114aThe Prentice Hall guide for college writers. a6th ed. aUpper Saddle River, NJ :bPrentice Hall,c2003. axxxi,715 p. 0aEnglish languagexRhetoric.@0000152050